Beginning XML (Record no. 27634)

MARC details
000 -LEADER
fixed length control field 00424nam a2200181Ia 4500
020 ## - INTERNATIONAL STANDARD BOOK NUMBER
ISBN 1861005598 :
050 ## - CALL MARK
Classification number QA 76 .76 .H94 .B41/
245 #0 - TITLE STATEMENT
Title Beginning XML
250 ## - EDITION / VOLUME STATEMENT
Edition / Volume statement 2nd ed.
260 ## - PUBLICATION, DISTRIBUTION, ETC. (IMPRINT)
Place of publication Acocks Green
260 ## - PUBLICATION, DISTRIBUTION, ETC. (IMPRINT)
Name of publisher Wrox Press
260 ## - PUBLICATION, DISTRIBUTION, ETC. (IMPRINT)
Year of publication c2001
300 ## - PHYSICAL DESCRIPTION
Number of Pages 785 p
650 ## - SUBJECT ADDED ENTRY--TOPICAL TERM
Topical Term XML (Document markup language)
942 ## - ADDED ENTRY ELEMENTS (KOHA)
Koha item type Books
Holdings
Withdrawn status Lost status Source of classification or shelving scheme Damaged status Not for loan Permanent Location Current Location Date acquired Accession Number Price effective from Koha item type
    Library of Congress Classification     NILE UNIVERSITY OF NIGERIA - MAIN LIBRARY NILE UNIVERSITY OF NIGERIA - MAIN LIBRARY 04/23/2025 0010477 04/23/2025 Books